00220nam a2200085Ia 4500001000800000005001700008008004100025245004300066260002500109125037220251031150855.0251031s9999 xx 000 0 und d 0cTARIK BUĞRAaE-1 GÜNEŞ VE ARSLAN bÖTÜKEN YAYINLARI